The year of Jubilo : a novel of the Civil War / Howard Bahr. (Record no. 36492)

MARC details
000 -LEADER
fixed length control field 00599nam a2200193Ia 4500
020 ## - INTERNATIONAL STANDARD BOOK NUMBER
ISBN 9780312280697
050 ## - CALL MARK
Classification number PS 3552 .B34/
100 ## - STATEMENT OF RESPONSIBILITY--MAIN AUTHOR NAME
Personal name Bahr, Howard
245 #4 - TITLE STATEMENT
Title The year of Jubilo : a novel of the Civil War / Howard Bahr.
250 ## - EDITION / VOLUME STATEMENT
Edition / Volume statement 1st ed.
260 ## - PUBLICATION, DISTRIBUTION, ETC. (IMPRINT)
Place of publication New York
260 ## - PUBLICATION, DISTRIBUTION, ETC. (IMPRINT)
Name of publisher Henry Holt & Co.
260 ## - PUBLICATION, DISTRIBUTION, ETC. (IMPRINT)
Year of publication 2000
300 ## - PHYSICAL DESCRIPTION
Number of Pages 376 p
650 ## - SUBJECT ADDED ENTRY--TOPICAL TERM
Topical Term Mississippi--History--Civil War, 1861-1865--Veterans--Fiction. Reconstruction (U.S. history, 1865-1877)--Fiction. Mississippi--Fiction.
942 ## - ADDED ENTRY ELEMENTS (KOHA)
Koha item type Books
Holdings
Withdrawn status Lost status Source of classification or shelving scheme Damaged status Not for loan Permanent Location Current Location Date acquired Accession Number Price effective from Koha item type
    Library of Congress Classification     NILE UNIVERSITY OF NIGERIA - MAIN LIBRARY NILE UNIVERSITY OF NIGERIA - MAIN LIBRARY 04/23/2025 0191160 04/23/2025 Books